|
|
|
|
| LEADER |
01707nam a2200445 a 4500 |
| 001 |
EBC408243 |
| 003 |
MiAaPQ |
| 005 |
20200520144314.0 |
| 006 |
m o d | |
| 007 |
cr cn||||||||| |
| 008 |
070605s2007 ilub sb 001 0 eng |
| 010 |
|
|
|z 2007022667
|
| 020 |
|
|
|z 9780226841212 (cloth : alk. paper)
|
| 020 |
|
|
|z 0226841219 (cloth : alk. paper)
|
| 020 |
|
|
|z 9780226841229 (pbk. : alk. paper)
|
| 020 |
|
|
|z 0226841227 (pbk. : alk. paper)
|
| 035 |
|
|
|a (MiAaPQ)EBC408243
|
| 035 |
|
|
|a (Au-PeEL)EBL408243
|
| 035 |
|
|
|a (CaPaEBR)ebr10265892
|
| 035 |
|
|
|a (CaONFJC)MIL196669
|
| 035 |
|
|
|a (OCoLC)476228162
|
| 040 |
|
|
|a MiAaPQ
|c MiAaPQ
|d MiAaPQ
|
| 043 |
|
|
|a nwjm---
|
| 050 |
|
4 |
|a HF5459.J25
|b U59 2007
|
| 082 |
0 |
4 |
|a 381/.18082097292
|2 22
|
| 100 |
1 |
|
|a Ulysse, Gina A.
|
| 245 |
1 |
0 |
|a Downtown ladies
|h [electronic resource] :
|b informal commercial importers, a Haitian anthropologist, and self-making in Jamaica /
|c Gina A. Ulysse.
|
| 260 |
|
|
|a Chicago :
|b University of Chicago Press,
|c 2007.
|
| 300 |
|
|
|a xvi, 333 p. :
|b maps.
|
| 490 |
1 |
|
|a Women in culture and society
|
| 504 |
|
|
|a Includes bibliographical references (p. [283]-315) and index.
|
| 533 |
|
|
|a Electronic reproduction. Ann Arbor, MI : ProQuest, 2015. Available via World Wide Web. Access may be limited to ProQuest affiliated libraries.
|
| 650 |
|
0 |
|a Street vendors
|z Jamaica.
|
| 650 |
|
0 |
|a Women merchants
|z Jamaica.
|
| 650 |
|
0 |
|a Informal sector (Economics)
|z Jamaica.
|
| 650 |
|
0 |
|a Imports
|z Jamaica.
|
| 655 |
|
4 |
|a Electronic books.
|
| 710 |
2 |
|
|a ProQuest (Firm)
|
| 830 |
|
0 |
|a Women in culture and society.
|
| 856 |
4 |
0 |
|u https://ebookcentral.proquest.com/lib/matrademy/detail.action?docID=408243
|z Click to View
|